| 000 | 00910nam a2200265 u 4500 | ||
|---|---|---|---|
| 005 | 20240925065005.0 | ||
| 008 | 150602s2004 r 000 0 eng d | ||
| 020 | _a9682325005 | ||
| 035 | _aUPN01000203975 | ||
| 049 | _aCG | ||
| 050 | 4 |
_aLB1134 _bT4.2 |
|
| 100 | 1 |
_aTeyssédre, Claudine _937418 |
|
| 245 | 1 | 0 |
_aAprender de 0 a 4 años : _buna explicación para comprender un ensayo para reflexionar / _cClaudine Teyssédre, Pierre-Marie Baudonnioére ; tr. Tatiana Sule Fernández. |
| 260 |
_aMéxico : _bSiglo XXI, _c2004, |
||
| 300 |
_a112 p. : _bil., gráfs., cuadros |
||
| 440 | 0 | _aMosaicos | |
| 534 |
_pTítulo original: _tapprenre de o á 4 ans |
||
| 650 | 4 |
_aPsicología del aprendizaje _95221 |
|
| 650 | 4 |
_aNiños _xCrecimiento _915181 |
|
| 650 | 4 |
_aEducación preescolar _91517 |
|
| 700 | 1 |
_aBaudonniére, Pierre-Marie, _ecoaut. |
|
| 905 | _aLibro | ||
| 999 |
_c176076 _d176076 |
||